Normal view
MARC view
Entry Corporate Name
001 - CONTROL NUMBER
- control field: 8939
003 - CONTROL NUMBER IDENTIFIER
- control field: ARRUPE
005 - DATE AND TIME OF LATEST TRANSACTION
- control field: 20140225170228.0
008 - FIXED-LENGTH DATA ELEMENTS
- fixed length control field: 140225|| aca||aabn | a|a d
040 ## - CATALOGING SOURCE
- Original cataloging agency: ARRUPE
- Transcribing agency: ARRUPE
110 ## - HEADING--CORPORATE NAME
- Corporate name or jurisdiction name as entry element: Northern Rhodesia.
- Subordinate unit: Commission for the Preservation of Natural and Historical Monuments and Relics.
670 ## - SOURCE DATA FOUND
- Source citation: Work cat.: (ARRUPE)0: Clark, J. Desmond 8936, The Victoria Falls :, 1952.